| 000 | 00784nam a22002177a 4500 | ||
|---|---|---|---|
| 999 |
_c2755 _d2755 |
||
| 001 | 2755 | ||
| 003 | BD-JhCC | ||
| 005 | 20171106173850.0 | ||
| 008 | 171106s1369 ii |||| |||| 000 0 ben d | ||
| 035 | _a(BD-JhCC)2755 | ||
| 040 |
_aBD-JhCC _dBD-JhCC |
||
| 041 | _aben | ||
| 082 |
_a491.4403 _bBAS 1369 |
||
| 100 | _aবসু, রাজশেখর | ||
| 245 |
_aচলন্তিকা আধুনিক বঙ্গভাষার অভিধান / _cরাজশেখর বসু |
||
| 260 |
_aকলকাতা: _bএম সি সরকার অ্যান্ড সন্স, প্রাইভেট লিঃ, _c১৩৬৯. |
||
| 300 |
_a৬৯৮ পৃ. : _c১৯ সেমি. |
||
| 650 |
_aBengali Language _xDictionary |
||
| 942 |
_2ddc _cBK |
||